| 000 | 00519nam a2200181Ia 4500 | ||
|---|---|---|---|
| 999 |
_c11183 _d11183 |
||
| 003 | OSt | ||
| 005 | 20191226151717.0 | ||
| 008 | 190216s9999||||xx |||||||||||||| ||und|| | ||
| 020 | _a9788191052435 | ||
| 040 | _coclc | ||
| 082 |
_a338.1 _bMUK/A |
||
| 100 |
_aMukherjee, Debasis _9806 |
||
| 245 | 0 |
_aAgricultural Economics / _c Debasis Mukherjee |
|
| 260 |
_bAltar Publishing House, _c2010. _aNew Delhi: |
||
| 300 | _a265p | ||
| 650 | _aEconomics | ||
| 942 |
_cBK _2ddc _h338.1 _iMUK/A _k338.1 _mMUK/A |
||